Khảo sát sự hiện diện của vi khuẩn Escherichia coli sinh Beta - Lactamase phổ rộng trên gà đẻ và môi trường chăn nuôi ở nông hộ tỉnh Trà Vinh : Luận văn tốt nghiệp Cao học. Chuyên ngành Thú y
Nghiên cứu nhằm khảo sát sự hiện diện E. coli sinh ESBL trên gà đẻ trứng và môi trường chăn nuôi gà ở nông hộ tại tỉnh Trà Vinh, xác định tính đề kháng kháng sinh của E. coli.
Uloženo v:
| Hlavní autor: | |
|---|---|
| Médium: | Kniha |
| Jazyk: | Undetermined |
| Vydáno: |
Cần Thơ
Trường Đại học Cần Thơ
2016
|
| Témata: | |
| Tagy: |
Přidat tag
Žádné tagy, Buďte první, kdo otaguje tento záznam!
|
| Thư viện lưu trữ: | Trung tâm Học liệu Trường Đại học Cần Thơ |
|---|
| LEADER | 01206nam a2200229Ia 4500 | ||
|---|---|---|---|
| 001 | CTU_216923 | ||
| 008 | 210402s9999 xx 000 0 und d | ||
| 082 | |a 636.5142 | ||
| 082 | |b D513 | ||
| 088 | |a 60640101 | ||
| 100 | |a Nguyễn, Kim Dung | ||
| 245 | 0 | |a Khảo sát sự hiện diện của vi khuẩn Escherichia coli sinh Beta - Lactamase phổ rộng trên gà đẻ và môi trường chăn nuôi ở nông hộ tỉnh Trà Vinh : | |
| 245 | 0 | |b Luận văn tốt nghiệp Cao học. Chuyên ngành Thú y | |
| 245 | 0 | |c Nguyễn Kim Dung ; Lưu Hữu Mãnh, Bùi Thị Lê Minh (Người hướng dẫn) | |
| 260 | |a Cần Thơ | ||
| 260 | |b Trường Đại học Cần Thơ | ||
| 260 | |c 2016 | ||
| 520 | |a Nghiên cứu nhằm khảo sát sự hiện diện E. coli sinh ESBL trên gà đẻ trứng và môi trường chăn nuôi gà ở nông hộ tại tỉnh Trà Vinh, xác định tính đề kháng kháng sinh của E. coli. | ||
| 650 | |a Chickens,Gà | ||
| 650 | |x Breeding,Chăn nuôi | ||
| 904 | |i Hiền,Hải | ||
| 980 | |a Trung tâm Học liệu Trường Đại học Cần Thơ | ||